| 000 | 00404nam a2200157Ia 4500 | ||
|---|---|---|---|
| 008 | 210210b2001 xxu||||| |||| 00| 0 eng d | ||
| 020 | _a81 7033 413 7 | ||
| 082 | _a361.954 AHUS | ||
| 100 | _aAHUJA (Ram). | ||
| 245 | _aSocial problems in India. Rev Ed 2. | ||
| 250 | _a | ||
| 260 |
_aJaipur. _bRawat Publications., _c2001 |
||
| 300 | _axii,508 | ||
| 690 | _aIndian Social Problems | ||
| 906 | _a058037 | ||
| 999 |
_c105148 _d105148 |
||